Name the Spotify top 20 - Statistics

General Stats
  • This quiz has been taken 9 times
  • The average score is 8 of 60
Answer Stats
Hint Answer % Correct
1.) Artist Taylor Swift
100%
2.) Artist Bad Bunny
78%
3.) Artist Drake
56%
16.) Artist Rihanna
56%
4.) Artist The Weeknd
56%
9.) Album AM - Arctic Monkeys
44%
9.) Artist Eminem
44%
10.) Artist Kanye West
44%
8.) Artist Billie Eilish
33%
14.) Artist Bruno Mars
33%
6.) Artist Ed Sheeran
33%
7.) Artist Justin Bieber
33%
5.) Artist Ariana Grande
22%
1.) Song Blinding Lights - The Weeknd
22%
17.) Artist Coldplay
22%
5.) Album After Hours - The Weeknd
11%
19.) Artist Future
11%
18.) Artist Kendrick Lemar
11%
8.) Song One Dance -Drake, Wizkid, Kyla
11%
13.) Artist Post Malone
11%
19.) Album Scorpion - Drake
11%
2.) Song Shape Of You - Ed Sheeran
11%
11.) Artist Travis Scott
11%
5.) Song As It Was - Harry Styles
0%
20.) Album Beauty Behind The Madness - The Weeknd
0%
12.) Album beerbongs & bentleys - Post Malone
0%
11.) Song Believer - Imagine Dragons
0%
18.) Song BIRDS OF A FEATHER - Billie Eilish
0%
12.) Artist BTS
0%
17.) Song Closer - The Chainsmokers, Halsey
0%
3.) Album ÷ (Deluxe) - Ed Sheeran
0%
20.) Song Die With A Smile - Lady Gaga, Bruno Mars
0%
16.) Album Doo-Wopa & Hooligans - Bruno Mars
0%
11.) Album Future Nostalgia - Dua Lipa
0%
13.) Song Heat Waves - Glass Animals
0%
7.) Album Hollywood's Bleeding - Post Malone
0%
12.) Song I Wanna Be Yours - Arctic Monkeys
0%
15.) Artist J Balvin
0%
20.) Artist Juice WRLD
0%
14.) Song lovely (with Khalid) -Billie Eilish, Khalid
0%
8.) Album Lover - Taylor Swift
0%
14.) Album MAÑANA SERÁ BONITO (BICHOTA SEASON) - KAROL G
0%
18.) Album Midnights - Taylor Swift
0%
9.) Song Perfect - Ed Sheeran
0%
19.) Song Riptide -Vance Joy
0%
6.) Song Someone You Loved - Lewis Capaldi
0%
6.) Album SOS - SZA
0%
4.) Album SOUR - Olivia Rodrigo
0%
2.) Album Starboy - The Weeknd
0%
4.) Song Starboy - The Weeknd, Daft Punk
0%
10.) Song STAY (with Justin Bieber) - The Kid LAROI, Justin Bieber
0%
7.) Song Sunflower - Spider Man - Into The Spider-Verse - Post Malone, Swae Lee
0%
3.) Song SweaterWeather - The Neighbourhood
0%
16.) Song The Night We Met - Lord Huron
0%
1.) Album Un Verano Sin Ti - Bad Bunny
0%
17.) Album Views - Drake
0%
10.) Album WHEN WE ALL FALL ASLEEP, WHERE DO WE GO? - Billie Eilish
0%
13.) Album ? - XXXTENTACION
0%
15.) Song Yellow - Coldplay
0%
15.) Album YHLQMDLG - Bad Bunny
0%
No matching quizzes found
Score Distribution
Percent of People with Each Score
Percentile by Number Answered
Your Score History
You have not taken this quiz